000 00499nam a22002177a 4500
003 UA-OsUOA
001 106121
007 ta
008 20140505b un ||||| |||| 00| 0 ukr d
100 _aГолибард Є.
090 _a32
_bГ60
942 _cSA
040 _aUA-OsUOA
_bukr
_cUA-OsUOA
_dUA-OsUOA
245 _aЕтнічна війна за Україну
300 _aС.3-4
955 _a0
041 _aukr
080 _a32
773 0 _w106120
650 7 _a32 Політика
_2UDC
999 _c392264
_d392264